| 000 | 00556nam a22001817a 4500 | ||
|---|---|---|---|
| 999 |
_c160303 _d160303 |
||
| 005 | 20190125131608.0 | ||
| 010 | _aENG-124646 | ||
| 020 |
_a9789386850072 _c350.00 |
||
| 035 | _aEN-108178 | ||
| 037 | _bDBAD/PUB | ||
| 082 | _a364.13380954 | ||
| 100 | _aVaidyanathan,R | ||
| 245 |
_aBlack money and tax havens/ _cby R.Vaidyanathan |
||
| 260 |
_aNew Delhi _bwestland publications ltd _c2017 |
||
| 270 |
_a93,I Floor,Sham Lal Road Daryaganj, _bNew Delhi _e110002 |
||
| 300 |
_a184p. _c24cm.(pbk) |
||
| 942 |
_2ddc _cEN _mVAI _h364.13380954 |
||